| 000 | 00397 a2200133 4500 | ||
|---|---|---|---|
| 001 | 87839 | ||
| 082 | _aPR 215 | ||
| 090 |
_c41301 _d41301 |
||
| 100 | _aMansoor Azhar, SGC 1089 | ||
| 245 | _aInvestigation and recommendation of viable solutions for frequent failure of S-pipe of mirage aircraft | ||
| 260 |
_aRisalpur _bNUST Risalpur _c2012 |
||
| 300 |
_a87p. _eZahid |
||
| 500 | _aBE Project Reports | ||
| 942 |
_aCAE NUST _kPR 215 |
||
| 999 |
_c322912 _d322912 |
||